书目信息 |
| 题名: |
房地产金融
|
|
| 作者: | 楼江 编著 | |
| 分册: | ||
| 出版信息: | 上海 百家出版社 |
|
| 页数: | ||
| 开本: | 26cm | |
| 丛书名: | ||
| 单 册: | ||
| 中图分类: | F293.3 | |
| 科图分类: | ||
| 主题词: | 城市经济 , 市政经济 | |
| 电子资源: | ||
| ISBN: | 7-80576-457-3 | |
| 000 | 00539nam0 2200205 450 | |
| 001 | 0658467859 | |
| 005 | 20061213161512.06 | |
| 010 | @a7-80576-457-3@dCNY7.50 | |
| 100 | @a20061213d km y0chiy0120 ea | |
| 101 | 0 | @achi |
| 102 | @aCN@b310000 | |
| 200 | 1 | @a房地产金融@Afang di chan jin rong@f楼江编著@Flou jiang bian zhu |
| 210 | @a上海@c百家出版社 | |
| 215 | @d26cm | |
| 606 | 0 | @a城市经济 |
| 606 | 0 | @a市政经济 |
| 690 | @aF293.3@v3 | |
| 701 | 0 | @a楼江@Alou jiang@4编著 |
| 801 | 0 | @aCN@bNISOFT@c20061213 |
| 905 | @a10447@dF293.3@eL775 | |
| 房地产金融/楼江编著.-上海:百家出版社 |
| 26cm |
| ISBN 7-80576-457-3:CNY7.50 |
| ● |
| 相关链接 |
|
|
|
正题名:房地产金融
索取号:F293.3/L775
 
预约/预借
| 序号 | 登录号 | 条形码 | 馆藏地/架位号 | 状态 | 备注 |
| 1 | 444411 | 204444119 | 管理学院资料室/ [索取号:F293.3/L775] | 在馆 |